مكتبة جامعة عجلون الوطنية

فهرس بحث المكتبة

Normal view MARC view
  • التوجيه المهني-التدريب-المهن-الارشاد المهني

Entry Topical Term

Number of records used in: 1

001 - CONTROL NUMBER

  • control field: 29089

003 - CONTROL NUMBER IDENTIFIER

  • control field: JO-AjAnu

005 - DATE AND TIME OF LATEST TRANSACTION

  • control field: 20230606074925.0

008 - FIXED-LENGTH DATA ELEMENTS

  • fixed length control field: 230606|| aca||aabn | a|a d

040 ## - CATALOGING SOURCE

  • Original cataloging agency: JO-AjAnu
  • Transcribing agency: JO-AjAnu

150 ## - HEADING--TOPICAL TERM

  • Topical term or geographic name entry element: التوجيه المهني-التدريب-المهن-الارشاد المهني

670 ## - SOURCE DATA FOUND

  • Source citation: Work cat.: (JO-AjAnu)14932: الداهري،صالح حسن احمد, author 29088, سيكولوجية التوجيه المهني ونظرياته